| 000 | 00630nac a22002051u 4500 | ||
|---|---|---|---|
| 008 | 130127s2003 nju||||| |||| 001 0 eng d | ||
| 010 | _a 2002022057 | ||
| 020 | _a0130991341 | ||
| 020 | _a0131227769 | ||
| 020 | _a9780131227767 | ||
| 035 | _a(DLC) 2002022057 | ||
| 082 | 0 | 0 |
_a320 _222 _bPOL |
| 245 | 0 | 0 |
_aPolitical Science : _ban Introduction / _cMichael G. Roskin ... [et al.]. |
| 250 | _a8th ed. | ||
| 260 |
_aUpper Saddle River, N.J. : _bPrentice Hall,2003 _c2003. |
||
| 300 |
_axxv, 421 p. : _bill. ; _c24 cm. |
||
| 650 | 0 |
_aPolitical science. _932033 |
|
| 700 | 1 |
_aRoskin, Michael, _d1939- _932034 |
|
| 942 |
_cTB _k320 POL _2ddc |
||
| 999 |
_c213 _d213 |
||